Try not to Lose - Deadly Random Squares - Statistics

General Stats
  • This quiz has been taken 1,029 times
    514 since last reset
  • The average score is 6 of 26
Answers on the Grid
Answers color-coded by a green-red scale on the quiz's grid according to % correct below.
X
X
X
X
X
X
X
X
X
X
X
X
X
X
X
X
X
X
X
X
X
X
X
X
X
X
X
X
X
X
 
Answer Stats
Answer % Correct
X
33%
X
33%
X
33%
X
33%
X
31%
X
29%
X
29%
X
29%
X
29%
X
29%
X
27%
X
24%
X
24%
X
24%
X
22%
X
22%
X
22%
X
22%
X
20%
X
20%
X
20%
X
20%
X
18%
X
18%
X
18%
X
16%
No matching quizzes found
Score Distribution
Percent of People with Each Score
Percentile by Number Answered
Your Score History
You have not taken this quiz since the last reset